Využívání digitálních technologií v sociálních službách v době pandemie COVID-19 : bakalářská práce / Ondřej Bartoš ; vedoucí práce Ivana Čihánková
Cílem této bakalářská práce je zmapovat a popsat situaci v několika organizacích, které v roce 2020 poskytovaly sociální služby v době pandemie COVID-19 za pomocí digitálních komunikačních technologií, vyhodnotit dosavadní využití těchto technologií a navrhnout zlepšení poskytování sociální služby tímto způsobem. Pomocí kvalitativního šetření chci ukázat pohled sociálních pracovníků, kteří v době pandemie poskytovali sociální služby online. Práce se zabývá specifickými aspekty online sociální práce, která je poskytována prostřednictvím chatu a video hovorů a která se v určitých oblastech liší od práce tváří v tvář. Práce je rozdělena do dvou částí – teoretické a praktické. Teoretická část charakterizuje a definuje sociální práci a blíže představuje potenciální potřeby klientů v době pandemie. Stěžejním tématem praktické části je pak kvalitativní zpracování dat ze tří polostrukturovaných rozhovorů a přináší bližší pohled na úskalí online práce jak z pohledu sociálního pracovníka, tak klienta. Respondenti, kteří poskytli rozhovory, pracovali v době pandemie v různých organizacích poskytujících sociálních služby online.
Record details
- Physical Description: 89 stran : přílohy ; 31 cm
Content descriptions
| Dissertation Note: | Bakalářská práce (Bc.), Univerzita Karlova, ETF, 2020 |
| Bibliography, etc. Note: | Obsahuje bibliografii |
Search for related items by subject
| Genre: | bakalářská práce |
Available copies
- 1 of 1 copy available at Common Catalog SPOK.
Holds
- 0 current holds with 1 total copy.
Show Only Available Copies
| Location | Call Number / Copy Notes | Barcode | Shelving Location | Status | Due Date |
|---|---|---|---|---|---|
| Jabok Library | ABP-2550 | 424480046585 | Absolventské práce | Reference | - |
Electronic resources
Version of Resource: Plný text
| LDR | ntm a22 i 4500 | ||
|---|---|---|---|
| 001 | 57944 | ||
| 003 | CZ-PrJAB | ||
| 005 | 20241002120546.0 | ||
| 007 | ta | ||
| 008 | 241002s2020 xr e 000 0 cze | ||
| 040 | . | ‡aABG312 ‡bcze ‡erda | |
| 041 | 0 | . | ‡acze ‡beng |
| 072 | 7. | ‡a364-1/-7 ‡xDruhy sociální pomoci a služeb ‡2Konspekt ‡918 | |
| 100 | 1 | . | ‡aBartoš, Ondřej ‡4aut |
| 245 | 1 | 0. | ‡aVyužívání digitálních technologií v sociálních službách v době pandemie COVID-19 : ‡bbakalářská práce / ‡cOndřej Bartoš ; vedoucí práce Ivana Čihánková |
| 264 | 0. | ‡c2020 | |
| 300 | . | ‡a89 stran : ‡bpřílohy ; ‡c31 cm | |
| 336 | . | ‡atext ‡btxt ‡2rdacontent | |
| 337 | . | ‡abez média ‡bn ‡2rdamedia | |
| 338 | . | ‡asvazek ‡bnc ‡2rdacarrier | |
| 502 | . | ‡aBakalářská práce (Bc.), Univerzita Karlova, ETF, 2020 | |
| 504 | . | ‡aObsahuje bibliografii | |
| 520 | 3 | . | ‡aCílem této bakalářská práce je zmapovat a popsat situaci v několika organizacích, které v roce 2020 poskytovaly sociální služby v době pandemie COVID-19 za pomocí digitálních komunikačních technologií, vyhodnotit dosavadní využití těchto technologií a navrhnout zlepšení poskytování sociální služby tímto způsobem. Pomocí kvalitativního šetření chci ukázat pohled sociálních pracovníků, kteří v době pandemie poskytovali sociální služby online. Práce se zabývá specifickými aspekty online sociální práce, která je poskytována prostřednictvím chatu a video hovorů a která se v určitých oblastech liší od práce tváří v tvář. Práce je rozdělena do dvou částí – teoretické a praktické. Teoretická část charakterizuje a definuje sociální práci a blíže představuje potenciální potřeby klientů v době pandemie. Stěžejním tématem praktické části je pak kvalitativní zpracování dat ze tří polostrukturovaných rozhovorů a přináší bližší pohled na úskalí online práce jak z pohledu sociálního pracovníka, tak klienta. Respondenti, kteří poskytli rozhovory, pracovali v době pandemie v různých organizacích poskytujících sociálních služby online. |
| 653 | 0 | . | ‡asociální práce ‡adigitální technologie ‡apandemie COVID-19 |
| 653 | 0 | . | ‡apandemie ‡asociální integrace |
| 653 | 0 | . | ‡asociální práce online |
| 655 | 7. | ‡abakalářská práce ‡7ph114112 ‡2czenas | |
| 700 | 1 | . | ‡aČihánková, Ivana ‡4ths |
| 710 | 2 | . | ‡aUniverzita Karlova. Evangelická teologická fakulta |
| 856 | 4 | 1. | ‡uhttps://is.jabok.cz/th/bpdsl/Bakalarska-prace-Ondrej-Bartos-Final.pdf ‡yPlný text |
| 910 | . | ‡aABG312 | |
| 901 | . | ‡a57944 ‡bAUTOGEN ‡c57944 ‡tbiblio | |